[Event "World Rapid Women 2025"]
[Site "Doha QAT"]
[Date "2025.12.28"]
[Round "10.25"]
[White "Danielian, Elina"]
[Black "Vo, Thi Kim Phung"]
[Result "0-1"]
[WhiteTitle "GM"]
[BlackTitle "WGM"]
[WhiteElo "2408"]
[BlackElo "2322"]
[WhiteFideId "13300210"]
[BlackFideId "12401838"]
[EventDate "2025.12.26"]

1. d4 Nf6 2. Nf3 e6 3. e3 d5 4. c4 c6 5. Nbd2 Nbd7 6. Bd3 Bd6 7. O-O O-O 8. e4
e5 9. cxd5 cxd5 10. Re1 h6 11. exd5 exd4 12. Ne4 Bb4 13. Bd2 Bxd2 14. Qxd2 Nxd5
15. Bc2 Qb6 16. Nxd4 N7f6 17. h3 Bd7 18. Rad1 a5 19. a3 Rad8 20. Ng3 Kh8 21. Bb1
Ba4 22. Rc1 Nc7 23. Ngf5 Ne6 24. Nxh6 Qxd4 25. Nxf7+ Rxf7 26. Qxa5 Nf8 27. Rc4
Qxc4 28. Qxd8 Qc7 29. Qd4 Bb3 30. Qb4 Bd5 31. Qd4 Qc6 32. Qh4+ Kg8 33. Qg3 Ne4
34. Bxe4 Bxe4 35. f3 Qc5+ 36. Kh1 Bc6 37. h4 Qc2 38. b4 Qg6 39. Qf2 Qh5 40. Qg3
Rf6 41. Re5 Qh6 42. b5 Bd7 43. Re7 Rg6 44. Qf2 Qc1+ 45. Kh2 Qxa3 46. Qc2 Qxe7 0-1

[Event "World Rapid Women 2025"]
[Site "Doha QAT"]
[Date "2025.12.28"]
[Round "10.26"]
[White "Shukhman, Anna"]
[Black "Gunina, Valentina"]
[Result "1-0"]
[WhiteTitle "WGM"]
[BlackTitle "GM"]
[WhiteElo "2431"]
[BlackElo "2393"]
[WhiteFideId "54180058"]
[BlackFideId "4167570"]
[EventDate "2025.12.26"]

1. e4 c5 2. Nf3 Nc6 3. Bb5 e5 4. O-O Be7 5. Re1 Nd4 6. Nxd4 cxd4 7. c3 Nf6 8.
cxd4 exd4 9. e5 Nd5 10. Qg4 O-O 11. Qxd4 Nb4 12. Na3 d5 13. exd6 Bxd6 14. Qe4 a6
15. Bf1 Be6 16. d4 Bxa2 17. Bd2 Bd5 18. Qf5 b5 19. Rac1 Rc8 20. Rxc8 Qxc8 21.
Qxc8 Rxc8 22. Nb1 Be6 23. Rd1 Bg4 24. f3 Bf5 25. Nc3 Nd3 26. Ra1 Nxb2 27. Rxa6
Bb4 28. g4 Bd7 29. Nd5 Bxd2 30. Ne7+ Kf8 31. Nxc8 f5 32. Nb6 Be8 33. Ra8 Kf7 34.
gxf5 Be3+ 35. Kg2 Bxd4 36. Nc8 Bc5 37. Ra6 Nd1 38. Nd6+ Ke7 39. Nxe8 Ne3+ 40.
Kh3 Kxe8 41. Bxb5+ Ke7 42. Re6+ Kf8 43. f6 g6 44. Rc6 Bd4 45. Bc4 Nxc4 46. Rxc4
Bxf6 47. Rc7 Be7 48. Kg2 Kf7 49. h3 Ke6 50. Rb7 h6 51. Kf2 Bc5+ 52. Ke2 Bd6 53.
Rb5 Kf6 54. Ke3 Bc7 55. Ke4 g5 56. Rc5 Bd6 57. Rc6 Ke6 58. Ra6 h5 59. Rb6 h4 60.
Ra6 Ke7 61. Kf5 Bf4 62. Rg6 Kf7 63. Rxg5 1-0

[Event "World Rapid Women 2025"]
[Site "Doha QAT"]
[Date "2025.12.28"]
[Round "10.27"]
[White "Padmini, Rout"]
[Black "Berend, Elvira"]
[Result "1/2-1/2"]
[WhiteTitle "IM"]
[BlackTitle "WGM"]
[WhiteElo "2354"]
[BlackElo "2265"]
[WhiteFideId "5029295"]
[BlackFideId "4000510"]
[EventDate "2025.12.26"]

1. Nf3 Nf6 2. g3 d5 3. Bg2 e6 4. O-O c5 5. c4 d4 6. e3 Nc6 7. exd4 cxd4 8. d3
Bc5 9. Re1 O-O 10. Ne5 Nxe5 11. Rxe5 Bd6 12. Re1 Nd7 13. Na3 Bxa3 14. bxa3 Nc5
15. a4 Bd7 16. Ba3 Rc8 17. Bxc5 Rxc5 18. Bxb7 Qa5 19. Qg4 Qc7 20. Qxd4 Bxa4 21.
Be4 Rd8 22. Qe3 Ra5 23. Rab1 Bc6 24. Rb2 h6 25. Reb1 Bxe4 26. Qxe4 Qd6 27. Rd2
Ra3 28. d4 Qa6 29. d5 exd5 30. Rxd5 Rf8 31. Rbd1 Rxa2 32. Rd8 Qb6 33. Rxf8+ Kxf8
34. c5 Qc7 35. Qa8+ Ke7 36. Re1+ Kf6 37. Qf3+ Kg6 38. Qd3+ Kf6 39. Qc4 Ra5 40.
c6 Rf5 41. Rb1 Kg6 42. Rb7 Qa5 43. Re7 Qc5 44. Qe2 Qc1+ 45. Kg2 Qxc6+ 46. Kg1
Qc1+ 47. Kg2 Qc6+ 48. Kg1 Qc1+ 1/2-1/2

[Event "World Rapid Women 2025"]
[Site "Doha QAT"]
[Date "2025.12.28"]
[Round "10.28"]
[White "Cori T., Deysi"]
[Black "Mkrtchyan, Mariam"]
[Result "1-0"]
[WhiteTitle "IM"]
[BlackTitle "WIM"]
[WhiteElo "2349"]
[BlackElo "2353"]
[WhiteFideId "3801934"]
[BlackFideId "13310828"]
[EventDate "2025.12.26"]

1. d4 d5 2. Nf3 Nf6 3. g3 g6 4. Bg2 Bg7 5. O-O O-O 6. Nbd2 a5 7. Ne5 c6 8. c4 a4
9. Nd3 dxc4 10. Nxc4 Qxd4 11. Qc2 Be6 12. Nce5 Nd5 13. Nf3 Qb6 14. Ng5 Bc8 15.
a3 h6 16. Ne4 Nd7 17. Nd2 Qb5 18. h3 N5b6 19. e4 Rd8 20. Kh2 Nf8 21. Nb4 Ne6 22.
Nf3 Qc4 23. Qb1 c5 24. Nd2 Qe2 25. Nd5 Nxd5 26. exd5 Nd4 27. Qe4 Qxe4 28. Nxe4
Nb3 29. Rb1 Rxd5 30. Be3 Be6 31. Rbd1 Rxd1 32. Rxd1 Rc8 33. Nc3 Bxc3 34. bxc3
Na5 35. Bxh6 b6 36. Bf1 Bc4 37. Bg2 Be6 38. Bf1 Bc4 39. Bg2 Rc7 40. Rd8+ Kh7 41.
Bf4 e5 42. Bxe5 Re7 43. Rh8# 1-0

[Event "World Rapid Women 2025"]
[Site "Doha QAT"]
[Date "2025.12.28"]
[Round "10.29"]
[White "Balajayeva, Khanim"]
[Black "Rakshitta, Ravi"]
[Result "1-0"]
[WhiteTitle "IM"]
[BlackTitle "WGM"]
[WhiteElo "2351"]
[BlackElo "2381"]
[WhiteFideId "13406396"]
[BlackFideId "25073230"]
[EventDate "2025.12.26"]

1. e4 e5 2. Nf3 Nc6 3. d4 exd4 4. Nxd4 Qf6 5. Be3 Bc5 6. c3 Qg6 7. Nd2 Nf6 8.
Nf5 Bxe3 9. Nxe3 Nxe4 10. Nxe4 Qxe4 11. Bd3 Qe5 12. Qc2 h6 13. O-O-O O-O 14. Nd5
Kh8 15. Be4 Ne7 16. f4 Qd6 17. Rhf1 Nxd5 18. Bxd5 Qf6 19. g4 c6 20. Bb3 d5 21.
Qg2 Qg6 22. f5 Qg5+ 23. Kb1 Re8 24. Bc2 Bd7 25. h4 Qe3 26. g5 h5 27. c4 Qe2 28.
Qxe2 Rxe2 29. cxd5 cxd5 30. Rxd5 Bc6 31. Rd4 Rc8 32. Rfd1 Ree8 33. b4 Bf3 34.
R1d2 Bg4 35. Kb2 Kg8 36. Bb1 Kf8 37. a3 Re5 38. Rd5 Rxd5 39. Rxd5 Ke7 40. Bd3 b6
41. a4 Rd8 42. f6+ gxf6 43. gxf6+ Ke8 44. Bb5+ Bd7 45. Re5+ Kf8 46. Rxh5 Kg8 47.
Rd5 Re8 48. Rxd7 Re4 49. Rd8+ Kh7 50. Bd3 1-0

[Event "World Rapid Women 2025"]
[Site "Doha QAT"]
[Date "2025.12.28"]
[Round "10.30"]
[White "Buksa, Nataliya"]
[Black "Krush, Irina"]
[Result "0-1"]
[WhiteTitle "IM"]
[BlackTitle "GM"]
[WhiteElo "2397"]
[BlackElo "2402"]
[WhiteFideId "14123622"]
[BlackFideId "2012782"]
[EventDate "2025.12.26"]

1. e4 c5 2. Nf3 e6 3. c3 d5 4. e5 d4 5. cxd4 cxd4 6. d3 Nc6 7. Nbd2 Nge7 8. g3
Ng6 9. Bg2 Ngxe5 10. Nxe5 Nxe5 11. Qa4+ Bd7 12. Qxd4 Bc6 13. Bxc6+ Nxc6 14. Qe4
Be7 15. O-O O-O 16. Nf3 Bf6 17. Be3 h6 18. Rab1 Qa5 19. a4 Rfd8 20. Rfc1 Qd5 21.
Rd1 Qb3 22. Rd2 Rd5 23. Qc4 Qb4 24. Rc1 Qd6 25. Bc5 Qd7 26. b4 a6 27. Kg2 Ne7
28. Qb3 Nf5 29. Bb6 Rd6 30. Rc7 Qe8 31. a5 Rd7 32. Rdc2 Rad8 33. Qa4 Rxc7 34.
Qxe8+ Rxe8 35. Rxc7 Re7 36. Rc8+ Kh7 37. Rd8 Bc3 38. Bc5 Rc7 39. g4 Bf6 40. Rb8
Ne7 41. Nd2 Nc6 42. Rf8 Bc3 43. Ne4 Bxb4 44. Bxb4 Nxb4 45. Nd6 f6 46. d4 Nc6 47.
h4 Nxa5 48. h5 Nc6 49. Nf7 g6 50. Nd6 gxh5 51. Ne8 Re7 52. gxh5 f5 53. d5 exd5
54. Nd6 Nd4 55. Rb8 Kg7 56. Nxb7 Nc6 57. Rc8 Rxb7 58. Rxc6 Ra7 59. Rg6+ Kh7 60.
Rf6 a5 61. Rxf5 a4 62. Rxd5 a3 63. Rd1 a2 64. Ra1 Kg7 65. Kf3 Kf6 66. Kg4 Ra5
67. Kf4 Ra4+ 68. Ke3 Kg5 69. f4+ Kxh5 70. Kf3 Kg6 71. Ke3 Kf5 72. Kd3 Kxf4 73.
Kc3 h5 74. Kb3 Ra7 75. Kb2 h4 76. Rf1+ Kg3 77. Ka1 h3 78. Rg1+ Kf2 79. Rc1 Re7
80. Rc6 Re3 81. Rh6 Kg2 82. Kxa2 h2 0-1

[Event "World Rapid Women 2025"]
[Site "Doha QAT"]
[Date "2025.12.28"]
[Round "10.31"]
[White "Krasteva, Beloslava"]
[Black "Assaubayeva, Bibisara"]
[Result "0-1"]
[WhiteTitle "FM"]
[BlackTitle "GM"]
[WhiteElo "2339"]
[BlackElo "2497"]
[WhiteFideId "2922029"]
[BlackFideId "13708694"]
[EventDate "2025.12.26"]

1. Nf3 Nf6 2. d3 g6 3. g3 Bg7 4. Bg2 O-O 5. e4 d6 6. O-O c5 7. a4 Nc6 8. Na3 Rb8
9. c3 a6 10. Re1 Bg4 11. h3 Bxf3 12. Qxf3 b5 13. axb5 axb5 14. Qe2 b4 15. Nc4
Nd7 16. Bd2 Qc7 17. Ne3 e6 18. Nc4 bxc3 19. bxc3 Rb3 20. Bf4 Nde5 21. Nxe5 Bxe5
22. Bxe5 dxe5 23. Rec1 Qb6 24. Qe3 Rd8 25. f4 Rxd3 26. Ra8+ Kg7 27. Qe1 Rb2 28.
f5 c4+ 29. Kh1 Rdd2 30. f6+ Kxf6 0-1

[Event "World Rapid Women 2025"]
[Site "Doha QAT"]
[Date "2025.12.28"]
[Round "10.32"]
[White "Bulmaga, Irina"]
[Black "Beydullayeva, Govhar"]
[Result "0-1"]
[WhiteTitle "IM"]
[BlackTitle "WGM"]
[WhiteElo "2389"]
[BlackElo "2364"]
[WhiteFideId "13903063"]
[BlackFideId "13413015"]
[EventDate "2025.12.26"]

1. e4 c5 2. c3 Nf6 3. e5 Nd5 4. Bc4 Nb6 5. Bb3 c4 6. Bc2 d6 7. exd6 Qxd6 8. Nf3
Qe6+ 9. Qe2 Nc6 10. d3 Qxe2+ 11. Kxe2 cxd3+ 12. Bxd3 e5 13. Nbd2 f6 14. Nc4 e4
15. Bxe4 Nxc4 16. Re1 Be6 17. Kf1 Kf7 18. b3 Nd6 19. Bc2 Bf5 20. Bd1 Be7 21. Be3
Rhe8 22. Be2 Ne5 23. Bf4 Nd3 24. Bxd6 Nxe1 25. Bc4+ Be6 26. Bb5 Nxf3 27. Bxe8+
Rxe8 28. Bxe7 Rxe7 29. gxf3 Bh3+ 30. Kg1 Re2 31. f4 Kg6 32. Rd1 Rxa2 0-1

[Event "World Rapid Women 2025"]
[Site "Doha QAT"]
[Date "2025.12.28"]
[Round "10.33"]
[White "Kaliakhmet, Elnaz"]
[Black "Toncheva, Nadya"]
[Result "1-0"]
[WhiteTitle "WIM"]
[BlackTitle "FM"]
[WhiteElo "2329"]
[BlackElo "2362"]
[WhiteFideId "13730169"]
[BlackFideId "2924056"]
[EventDate "2025.12.26"]

1. d4 d5 2. c4 c6 3. Nf3 Nf6 4. Nc3 dxc4 5. a4 Bf5 6. e3 e6 7. Bxc4 Bb4 8. O-O
O-O 9. Qe2 Nbd7 10. e4 Bg6 11. e5 Nd5 12. Nxd5 cxd5 13. Bd3 Bxd3 14. Qxd3 Be7
15. a5 a6 16. Bd2 Nb8 17. Qb3 Qd7 18. Bg5 Nc6 19. Bxe7 Qxe7 20. Rfc1 f6 21. Qe3
Qb4 22. exf6 Rxf6 23. Qc3 Qf8 24. Re1 Qf7 25. Re3 Rf8 26. Rae1 Rg6 27. Qd2 Rf6
28. R1e2 Qg6 29. Ne5 Nxe5 30. Rxe5 Rc8 31. h4 h6 32. Qe1 Rc6 33. h5 Qg4 34. Qb4
Rc4 35. Qxb7 Qxd4 36. Qb6 Qxb6 37. axb6 Kf7 38. R5e3 Rb4 39. Rc3 Rxb6 40. Rc7+
Kg8 41. Rec2 Rf5 42. g4 Rf4 43. f3 Rxf3 44. Re7 Rg3+ 45. Kf2 Rxg4 46. Rc8+ Kh7
47. Ree8 Rf4+ 48. Kg3 Rb3+ 49. Kxf4 g5+ 50. Ke5 Re3+ 51. Kf6 Rf3+ 52. Ke7 1-0

[Event "World Rapid Women 2025"]
[Site "Doha QAT"]
[Date "2025.12.28"]
[Round "10.34"]
[White "Lyutsinger, Iren"]
[Black "Salimova, Nurgyul"]
[Result "0-1"]
[WhiteTitle "FM"]
[BlackTitle "IM"]
[WhiteElo "2169"]
[BlackElo "2396"]
[WhiteFideId "34425969"]
[BlackFideId "2915138"]
[EventDate "2025.12.26"]

1. e4 e5 2. Nf3 Nc6 3. Bb5 a6 4. Ba4 d6 5. c4 Bd7 6. Nc3 g6 7. Bxc6 bxc6 8. d4
exd4 9. Qxd4 f6 10. h4 h5 11. Be3 Nh6 12. Ne2 Ng4 13. Nf4 Rg8 14. O-O-O Rb8 15.
c5 Qe7 16. Qc4 Qf7 17. Qxa6 dxc5 18. Nd2 Ne5 19. Kb1 Bd6 20. Nd3 Nxd3 21. Qxd3
Be6 22. f4 Bxa2+ 23. Kc1 Qe6 24. Rhe1 Kf7 25. e5 Be7 26. Ne4 Rgd8 27. Qf1 Rxd1+
28. Rxd1 Rb4 29. Nc3 Bb3 30. Re1 Qf5 31. Qe2 Be6 32. exf6 Bxf6 33. Bxc5 Rc4 34.
Qe3 Rxc5 0-1

[Event "World Rapid Women 2025"]
[Site "Doha QAT"]
[Date "2025.12.28"]
[Round "10.35"]
[White "Zhu, Chen"]
[Black "Gu, Xiaobing"]
[Result "0-1"]
[WhiteTitle "GM"]
[BlackTitle "WGM"]
[WhiteElo "2423"]
[BlackElo "2106"]
[WhiteFideId "8600546"]
[BlackFideId "8602611"]
[EventDate "2025.12.26"]

1. d4 Nf6 2. Nf3 g6 3. c4 Bg7 4. Nc3 d6 5. g3 O-O 6. Bg2 c5 7. d5 e6 8. O-O Re8
9. h3 exd5 10. cxd5 Nbd7 11. a4 a6 12. Qc2 Rb8 13. a5 b5 14. axb6 Qxb6 15. Nd2
Qc7 16. Nc4 Nb6 17. Na5 Bd7 18. Rd1 Na4 19. Rxa4 Bxa4 20. Qxa4 Rb4 21. Qa2 Rd4
22. Rf1 Rb4 23. Nc6 Rb6 24. e4 Nd7 25. Bd2 Ne5 26. Nxe5 Bxe5 27. Na4 Rb7 28. Bc3
Bxc3 29. Nxc3 Reb8 30. Nd1 a5 31. Re1 Rb4 32. Qa3 Rb3 33. Qa4 R8b4 34. Qe8+ Kg7
35. e5 dxe5 36. Rxe5 Qd6 37. Qe7 Qxe7 38. Rxe7 Rd4 39. Re1 Rbd3 40. Nc3 Rd2 41.
Rb1 Rb4 42. b3 c4 43. Ne4 Rxd5 44. Kh2 cxb3 45. Nc3 Rd3 46. Nd5 Rb8 47. Ne7 a4
48. Nc6 Rb6 49. Ne5 Rc3 50. Nd7 Rd6 51. Ne5 a3 0-1

[Event "World Rapid Women 2025"]
[Site "Doha QAT"]
[Date "2025.12.28"]
[Round "10.36"]
[White "Francisco Guecamburu, Candela Be"]
[Black "Mammadova, Gulnar"]
[Result "1-0"]
[WhiteTitle "WGM"]
[BlackTitle "IM"]
[WhiteElo "2238"]
[BlackElo "2330"]
[WhiteFideId "160911"]
[BlackFideId "13403508"]
[EventDate "2025.12.26"]

1. e4 e6 2. d4 d5 3. Nc3 Nf6 4. Bg5 dxe4 5. Nxe4 Be7 6. Bxf6 Bxf6 7. Nf3 O-O 8.
Qd2 b6 9. O-O-O Bb7 10. Qf4 Bxe4 11. Qxe4 Qd5 12. Bd3 g6 13. c4 Qxe4 14. Bxe4 c6
15. Kb1 a5 16. d5 cxd5 17. cxd5 exd5 18. Rxd5 Ra7 19. Rd6 Be7 20. Rxb6 Bc5 21.
Rb7 Bxf2 22. Rd1 Na6 23. Rd2 Rxb7 24. Bxb7 Nc5 25. Rxf2 Nxb7 26. Rc2 Re8 27. b3
Nd6 28. Rc5 Re2 29. Rc2 Re4 30. Rd2 Nf5 31. Kb2 h6 32. a4 g5 33. h3 Ne7 34. Nd4
f5 35. Ka3 Kf7 36. Nb5 Re3 37. Nd6+ Ke6 38. Nc4 Re1 39. Rd6+ Kf7 40. Rxh6 f4 41.
Rd6 Ra1+ 42. Kb2 Rg1 43. Ne5+ Kg7 44. Rd2 Kf6 45. Nf3 Rf1 46. Kc3 Nf5 47. Nh2
Rc1+ 48. Kb2 Rg1 49. Nf3 Rf1 50. Nh2 Rg1 51. Nf3 Rf1 52. Nh2 Rg1 53. Nf3 Rh1 54.
Rd5 Rf1 55. Rxa5 Rf2+ 56. Ka3 Rxg2 57. Ra6+ Ke7 58. Rg6 Rg3 59. Rxg5 Rxh3 60.
Ng1 Rh1 61. Rxf5 Rxg1 62. Rxf4 Kd6 63. Rc4 Rg5 64. Kb4 Rh5 65. a5 Rh1 66. Kb5 1-0

[Event "World Rapid Women 2025"]
[Site "Doha QAT"]
[Date "2025.12.28"]
[Round "10.37"]
[White "Li, Xueyi"]
[Black "Yu, Jennifer"]
[Result "0-1"]
[WhiteTitle "WGM"]
[BlackTitle "FM"]
[WhiteElo "2202"]
[BlackElo "2276"]
[WhiteFideId "8605912"]
[BlackFideId "2078341"]
[EventDate "2025.12.26"]

1. d4 d5 2. c4 e6 3. Nf3 Nf6 4. g3 Be7 5. Bg2 O-O 6. O-O a5 7. Qc2 a4 8. a3 c6
9. Bf4 Ne4 10. Nc3 Nxc3 11. Qxc3 Nd7 12. Qc2 f6 13. e4 dxc4 14. Qxc4 Nb6 15. Qc2
Qe8 16. Be3 Nd7 17. Rad1 e5 18. d5 cxd5 19. Rxd5 Nb8 20. Nd2 Be6 21. Rd3 Nc6 22.
Nc4 Qf7 23. Nb6 Bb3 24. Qc1 Rad8 25. Nd5 Bd6 26. Bb6 Rc8 27. Qd2 Bc4 28. Bh3
Bxd3 29. Qxd3 Ra8 30. Rd1 Kh8 31. Be3 Nd4 32. Bxd4 exd4 33. Qxd4 Be5 34. Qd2
Bxb2 35. Nb6 Ra6 36. Qxb2 Qh5 37. Rd2 Qxh3 38. Nd7 Rc8 39. Nc5 Rac6 40. Qd4 h5
41. Nd3 Rc4 42. Qd5 Qg4 43. e5 h4 44. exf6 Rc1+ 0-1

[Event "World Rapid Women 2025"]
[Site "Doha QAT"]
[Date "2025.12.28"]
[Round "10.38"]
[White "Kurmangaliyeva, Liya"]
[Black "Badelka, Olga"]
[Result "1-0"]
[WhiteTitle "FM"]
[BlackTitle "IM"]
[WhiteElo "2339"]
[BlackElo "2395"]
[WhiteFideId "13725831"]
[BlackFideId "13509926"]
[EventDate "2025.12.26"]

1. Nf3 d5 2. g3 Nf6 3. Bg2 e6 4. O-O Be7 5. d3 O-O 6. Bf4 h6 7. a4 c5 8. e4 Nc6
9. Qe2 d4 10. Na3 b6 11. Nc4 Ba6 12. b3 Rc8 13. h4 Re8 14. Nh2 Bf8 15. Bd2 e5
16. Ng4 Nh7 17. h5 Bxc4 18. bxc4 Nb4 19. Bc1 a5 20. f4 exf4 21. gxf4 Qh4 22. Bf3
Qg3+ 23. Kh1 Qh3+ 24. Nh2 Rcd8 25. Rg1 Qh4 26. e5 Kh8 27. Rg4 Qe7 28. Ba3 f6 29.
Re1 fxe5 30. Bxb4 cxb4 31. Bc6 Nf6 32. Rgg1 e4 33. dxe4 Nd7 34. e5 Qc5 35. Be4
Nb8 36. Qg4 Nc6 37. Qg6 Kg8 38. Qxc6 1-0

[Event "World Rapid Women 2025"]
[Site "Doha QAT"]
[Date "2025.12.28"]
[Round "10.39"]
[White "Shvedova, Alexandra"]
[Black "Shubenkova, Veronika"]
[Result "1/2-1/2"]
[WhiteTitle "WIM"]
[BlackTitle "WFM"]
[WhiteElo "2255"]
[BlackElo "2013"]
[WhiteFideId "54154782"]
[BlackFideId "44124040"]
[EventDate "2025.12.26"]

1. e4 c6 2. d4 d5 3. e5 Bf5 4. Nf3 e6 5. Be2 h6 6. O-O Nd7 7. Nbd2 Ne7 8. Nb3 g5
9. a4 Bg7 10. a5 Rc8 11. Bd2 O-O 12. Ne1 c5 13. Nxc5 Nxc5 14. dxc5 Rxc5 15. Bc3
Nc6 16. Nf3 Qb8 17. Nd4 Bxe5 18. Nb3 Rxc3 19. bxc3 Bxh2+ 20. Kh1 Be5 21. Nd4 Bg6
22. Bd3 Nxd4 23. Bxg6 Nc6 24. Bd3 Bxc3 25. Ra4 f5 26. Bb5 Bg7 27. a6 Ne5 28.
axb7 Qxb7 29. Ba6 Qc6 30. Ra3 Qd6 31. Ra2 Ng4 32. g3 d4 33. Qf3 Ne5 34. Qg2 f4
35. Re1 Qb4 36. Raa1 Ng4 37. Rxe6 Qc3 38. Rae1 fxg3 39. fxg3 Ne3 40. Qe2 Qc7 41.
Rg1 Qd7 42. Bc4 Qb7+ 43. Rg2 Kh8 44. Rxe3 dxe3 45. Qxe3 Qc8 46. Be6 Qe8 47. g4
Rf1+ 48. Rg1 Qc6+ 49. Kh2 Qxc2+ 50. Rg2 Qc7+ 51. Rg3 Be5 52. Kg2 Rf6 53. Bb3
Qc6+ 54. Rf3 Qxf3+ 55. Qxf3 Rxf3 56. Kxf3 Kg7 57. Ke4 Bc3 58. Kf5 a5 59. Ba4 Kf7
60. Bb3+ Ke7 61. Ke4 Kd6 62. Kd3 Bb2 63. Kc4 Ke5 64. Kb5 Bc3 65. Bf7 Be1 66. Be8
Ke4 67. Ka4 Bb4 68. Bf7 Kd4 69. Be8 Bd2 70. Bf7 Ke5 71. Be8 Kf4 72. Bh5 Bb4 73.
Kb3 Kf3 74. Ka4 Ke3 75. Bg6 Kd2 76. Bf7 Kc2 77. Bg6+ Kb2 78. Bf7 Bc3 79. Bg6 1/2-1/2

[Event "World Rapid Women 2025"]
[Site "Doha QAT"]
[Date "2025.12.28"]
[Round "10.40"]
[White "Girya, Olga"]
[Black "Priyanka, Nutakki"]
[Result "0-1"]
[WhiteTitle "GM"]
[BlackTitle "WGM"]
[WhiteElo "2398"]
[BlackElo "2292"]
[WhiteFideId "4195752"]
[BlackFideId "25049615"]
[EventDate "2025.12.26"]

1. d4 d5 2. c4 e6 3. Nc3 Nf6 4. cxd5 exd5 5. Bg5 Be7 6. e3 O-O 7. Bd3 h6 8. Bh4
c6 9. Nge2 Ne8 10. Bg3 Nd6 11. Qc2 Re8 12. O-O Bf8 13. Rae1 a5 14. a3 Na6 15.
Nc1 b5 16. Bxd6 Bxd6 17. e4 b4 18. Na4 dxe4 19. Bxe4 Bd7 20. Nc5 Nxc5 21. dxc5
Bf8 22. axb4 axb4 23. Nd3 Rb8 24. Qa4 Qf6 25. Qa7 Qd4 26. Rd1 Bg4 27. Bf3 Bxf3
28. gxf3 Qf6 29. Qc7 Qxf3 30. Ne5 Qf4 31. Rfe1 Bxc5 0-1

[Event "World Rapid Women 2025"]
[Site "Doha QAT"]
[Date "2025.12.28"]
[Round "10.41"]
[White "Zhapova, Yana"]
[Black "Sharma, Isha"]
[Result "1-0"]
[WhiteTitle "FM"]
[BlackTitle "WIM"]
[WhiteElo "2260"]
[BlackElo "2245"]
[WhiteFideId "24278670"]
[BlackFideId "35006665"]
[EventDate "2025.12.26"]

1. e4 e5 2. Nf3 Nc6 3. Bc4 Bc5 4. d3 Nf6 5. Bg5 h6 6. Bh4 Be7 7. Bg3 d6 8. a4 a6
9. c3 Be6 10. Nbd2 Qd7 11. b4 O-O 12. O-O Nd8 13. Re1 a5 14. b5 Nh7 15. d4 f6
16. Nh4 Rf7 17. h3 Qc8 18. Nf5 Bf8 19. Qg4 Kh8 20. f4 c6 21. Bxe6 Qxe6 22. Nf3
exd4 23. cxd4 Be7 24. d5 Qc8 25. N3h4 Nf8 26. Rac1 Qd7 27. bxc6 bxc6 28. dxc6
Nxc6 29. Nxh6 gxh6 30. Qxd7 Nxd7 31. Rxc6 Nc5 32. Nf5 Bf8 33. Nxd6 Bxd6 34. Rxd6
Nxa4 35. e5 fxe5 36. fxe5 Kh7 37. e6 Re7 38. Bh4 Ree8 39. e7 Nc5 40. Rd8 1-0

[Event "World Rapid Women 2025"]
[Site "Doha QAT"]
[Date "2025.12.28"]
[Round "10.42"]
[White "Kirtadze, Anastasia"]
[Black "Nomin-Erdene, Davaademberel"]
[Result "0-1"]
[WhiteTitle "WIM"]
[BlackTitle "IM"]
[WhiteElo "2281"]
[BlackElo "2312"]
[WhiteFideId "13622714"]
[BlackFideId "4900782"]
[EventDate "2025.12.26"]

1. e4 c6 2. d4 d5 3. e5 Bf5 4. Nc3 e6 5. h4 h5 6. Bd3 Bxd3 7. Qxd3 Qb6 8. a4 Ne7
9. Nce2 Qa6 10. Qd1 Nf5 11. c3 c5 12. Nf3 cxd4 13. Nfxd4 Nxd4 14. Nxd4 Nd7 15.
Bf4 Nc5 16. Nb5 Qc6 17. O-O Be7 18. g3 a6 19. Nd4 Qc7 20. b4 Ne4 21. Rc1 g5 22.
hxg5 Bxg5 23. Bxg5 Nxg5 24. Qe2 Rc8 25. Qe3 Rg8 26. c4 dxc4 27. f4 Nh7 28. Kh2
Qe7 29. Qe4 Nf8 30. b5 h4 31. bxa6 hxg3+ 32. Kg2 bxa6 33. Nc6 Qa3 34. Rxc4 Ng6
35. f5 Nh4+ 36. Qxh4 Qb2+ 37. Kg1 Qb6+ 38. Kg2 Rxc6 39. Rxc6 Qxc6+ 40. Kg1 Qc5+
41. Kg2 Qc2+ 42. Kg1 g2 43. Re1 Qc5+ 44. Qf2 Qxf2+ 45. Kxf2 g1=Q+ 46. Rxg1 Rxg1
47. Kxg1 exf5 48. Kf2 Ke7 49. Ke3 Ke6 50. Kd4 a5 51. Kc5 f4 52. Kd4 Kf5 53. Kd3
Kxe5 54. Ke2 Ke4 55. Ke1 Ke3 56. Kf1 Kf3 57. Ke1 Kg2 0-1

[Event "World Rapid Women 2025"]
[Site "Doha QAT"]
[Date "2025.12.28"]
[Round "10.43"]
[White "Mgeladze, Kesaria"]
[Black "Dimitrijevic, Aleksandra"]
[Result "1-0"]
[WhiteTitle "WIM"]
[BlackTitle "WGM"]
[WhiteElo "2195"]
[BlackElo "2063"]
[WhiteFideId "13621130"]
[BlackFideId "929239"]
[EventDate "2025.12.26"]

1. e4 c5 2. Nf3 e6 3. d4 cxd4 4. Nxd4 Nc6 5. Nc3 d6 6. g4 a6 7. Bg2 Nge7 8. Be3
Nxd4 9. Qxd4 Nc6 10. Qd2 Be7 11. Na4 b5 12. Nb6 Rb8 13. Nxc8 Rxc8 14. a4 Ne5 15.
axb5 axb5 16. Qe2 O-O 17. b3 d5 18. exd5 Bb4+ 19. Bd2 Rxc2 20. Bxb4 Rxe2+ 21.
Kxe2 Re8 22. d6 Qg5 23. h3 Qf4 24. Bc3 f5 25. Rhd1 fxg4 26. Bxe5 Qxe5+ 27. Kf1
gxh3 28. Bxh3 Qb2 29. d7 Rf8 30. Bxe6+ Kh8 31. Bf5 Qf6 32. d8=Q Rxd8 33. Rxd8+
Qxd8 34. Rc1 1-0

[Event "World Rapid Women 2025"]
[Site "Doha QAT"]
[Date "2025.12.28"]
[Round "10.44"]
[White "Yip, Carissa"]
[Black "Tarasenka, Aliaksandra"]
[Result "1-0"]
[WhiteTitle "IM"]
[BlackTitle "WIM"]
[WhiteElo "2459"]
[BlackElo "2266"]
[WhiteFideId "2090732"]
[BlackFideId "13514288"]
[EventDate "2025.12.26"]

1. e4 c5 2. Nf3 e6 3. d3 Nc6 4. g3 g6 5. Bg5 Qb6 6. Nbd2 d6 7. Nc4 Qc7 8. d4
cxd4 9. Nxd4 a6 10. a4 h6 11. Be3 Ne5 12. Nxe5 dxe5 13. Nb3 Nf6 14. Bg2 b6 15.
a5 bxa5 16. O-O Bb7 17. Nxa5 Bxe4 18. Bxe4 Nxe4 19. c3 f5 20. Qa4+ Qd7 21. Qa2
Kf7 22. Rfd1 Qc7 23. Nc4 Bc5 24. Rd7+ 1-0

[Event "World Rapid Women 2025"]
[Site "Doha QAT"]
[Date "2025.12.28"]
[Round "10.45"]
[White "Gaboyan, Susanna"]
[Black "Bodnaruk, Anastasia"]
[Result "0-1"]
[WhiteTitle "WIM"]
[BlackTitle "IM"]
[WhiteElo "2182"]
[BlackElo "2357"]
[WhiteFideId "13303627"]
[BlackFideId "4181751"]
[EventDate "2025.12.26"]

1. Nf3 Nf6 2. g3 g6 3. Bg2 Bg7 4. O-O O-O 5. d3 d5 6. Nbd2 c5 7. e4 e6 8. Qe2
Nc6 9. Re1 b5 10. Nf1 dxe4 11. dxe4 Ba6 12. a4 Qb6 13. axb5 Bxb5 14. c4 Ba6 15.
e5 Nd7 16. Bf4 Rac8 17. Red1 Nd4 18. Nxd4 cxd4 19. Nd2 g5 20. Bxg5 Nxe5 21. b3
Ng6 22. Ne4 f5 23. Nd2 e5 24. b4 e4 25. Qh5 Bxc4 26. Nxc4 Rxc4 27. b5 Rc2 28.
Ra6 Qxb5 29. Rxa7 Qe2 30. Rxg7+ Kxg7 31. Bh6+ Kf6 32. Qxe2 Rxe2 33. Bxf8 Nxf8
34. Rxd4 Re1+ 35. Bf1 Ne6 36. Rd7 h5 37. Kg2 f4 38. gxf4 h4 39. f5 Nf4+ 40. Kg1
h3 41. Rd2 Kxf5 42. Ra2 Rc1 43. Rd2 Nd3 44. f3 e3 45. Rc2 Rd1 46. Ra2 Nf4 47.
Ra5+ Ke6 48. Ra6+ Kd5 49. Ra5+ Kc6 50. Ra6+ Kb7 0-1